000 00720nam a2200253Ia 4500
003 OSt
005 20220918204532.0
006 a|||||r|||| 00| 0
007 ta
008 220917b |||||||| |||| 00| 0 eng d
024 _a113,189
037 _cTextual
040 _aARTS
_cARTS
_beng
041 _2eng
_aeng
082 _aV58.N17<-N10, L5
100 _aKlimov Yuri
_9112345
245 0 _aOverthrow of Tsarism (1910 - Feb 1917)
260 _aMoscow
_bNovosti Press
_c1975
300 _a116p. illus
_ccm.
490 _aFrom the history of the communist party of the Soviet Union; 3
650 _aHISTORY
942 _hV58.N17<-N10, L5
_cTEXL
_2CC
999 _c236522
_d236522